000 00343nam a22001457a 4500
008 210429b ||||| |||| 00| 0 eng d
020 _a0534626416
041 _aeng
080 _22nd
_a316
082 _a316
100 _a50
101 _aSOC
245 _aSpecial Education in Contemporary Society
_cRichard M. Gargiulo
942 _2udc
_cBK
999 _c57032
_d57032